000
00318nam a22001337a 4500
008
170601b xxu||||| |||| 00| 0 eng d
020
_a
0060113014
041
_a
eng
080
_a
94
100
_a
17
101
_a
SHH
245
_a
FALL OF THE PEACOCK THRONE THE STORY IRAN
_c
FORBIS.W.H
942
_2
udc
_c
BK
999
_c
15404
_d
15404